00603nam a22002057a 450000500170000001000130001702000210003003500130005103700160006404000120008008200160009210000180010824500560012626000410018227000570022330000230028050000500030365000220035365000220037520170124105929.0 aA-351855 a195622065c00.00 aA-351855 bCen Lib/Ret aDPLbEN a322.42bRAY aRay, Rabindra aThe naxalites and their ideology /cby Rabindra Ray aDelhibOxford University Pressc1988 aYMCA Library Building, Jai Singh RoadbDelhie110001 avi,251p.c22cm(Hb) aIncludes bibliographical references and index aNaxalite movement aPolitical science